000 00544 a2200181 4500
999 _c7629
_d7629
020 _a9780071274227
050 _aHF 5567.4 GAR 2008
100 _aGarrison, Ray H.
_eauthor
245 _aManagerial accounting /
_cRay H. Garrison, Eric W. Noreen and Peter C. Brewer
250 _aTwelfth edition
264 _aBoston:
_bMcGraw Hill,
_c2008.
300 _a792p. :
500 _aIncludes index
650 _aManagerial accounting
700 _aNoreen, Eric W.
_eauthor
700 _aBrewer, Peter C.
942 _2lcc
_cBK
_e12th
_h5657.4
_iGAR
_k2008